[Event "DEM U16w 2017"]
[Site "Willingen GER"]
[Date "2017.06.06"]
[Round "4"]
[White "Manco, Michela"]
[Black "Reinecke, Katharina"]
[Result "1/2-1/2"]
[Termination "normal"]
[Board "4"]
[WhiteElo "1677"]
[BlackElo "1911"]
[WhiteClock "00:30:00"]
[BlackClock "00:24:27"]
[PlyCount "86"]
[WhiteFideId "12943908"]
[BlackFideId "12929727"]
[EventCountry "GER"]
[EventRounds "9"]
[EventType "swiss"]
[EventDate "2017.06.03"]

1. e4 {[%clk 1:30:59]} 1... c6 {[%clk 1:30:55]} 2. d4 {[%clk 1:31:25]} 2... d5
{[%clk 1:31:19]} 3. exd5 {[%clk 1:31:50]} 3... cxd5 {[%clk 1:31:44]} 4. Bd3 {
[%clk 1:32:14]} 4... Nc6 {[%clk 1:32:05]} 5. c3 {[%clk 1:32:39]} 5... Qc7 {
[%clk 1:32:20]} 6. Nf3 {[%clk 1:31:11]} 6... Bg4 {[%clk 1:31:29]} 7. h3 { [%clk
1:31:20]} 7... Bh5 {[%clk 1:30:38]} 8. O-O {[%clk 1:28:23]} 8... Nf6 { [%clk
1:28:00]} 9. Re1 {[%clk 1:26:43]} 9... e6 {[%clk 1:27:21]} 10. Nbd2 { [%clk
1:23:22]} 10... Be7 {[%clk 1:24:50]} 11. Nf1 {[%clk 1:21:39]} 11... a6 { [%clk
1:21:27]} 12. Ng3 {[%clk 1:20:16]} 12... Bg6 {[%clk 1:20:00]} 13. Bg5 { [%clk
1:16:14]} 13... Bxd3 {[%clk 1:18:22]} 14. Qxd3 {[%clk 1:15:48]} 14... O-O
{[%clk 1:16:36]} 15. Qe3 {[%clk 1:07:06]} 15... b5 {[%clk 1:11:37]} 16. Ne5 {
[%clk 1:03:56]} 16... Na5 {[%clk 0:58:11]} 17. Qf3 {[%clk 0:54:26]} 17... Nc4 {
[%clk 0:54:08]} 18. Re2 {[%clk 0:48:09]} 18... Nd6 {[%clk 0:48:56]} 19. Bf4 {
[%clk 0:35:22]} 19... Qb7 {[%clk 0:45:03]} 20. Ng4 {[%clk 0:34:17]} 20... Nde4
{[%clk 0:41:25]} 21. Nxf6+ {[%clk 0:33:16]} 21... Nxf6 {[%clk 0:41:30]} 22. Be5
{[%clk 0:28:15]} 22... Rfc8 {[%clk 0:34:28]} 23. Bxf6 {[%clk 0:24:04]} 23...
Bxf6 {[%clk 0:34:17]} 24. Nh5 {[%clk 0:23:54]} 24... Be7 {[%clk 0:30:51]} 25.
Qg4 {[%clk 0:21:21]} 25... Bf8 {[%clk 0:29:17]} 26. Re5 {[%clk 0:20:38]} 26...
Kh8 {[%clk 0:23:13]} 27. Rae1 {[%clk 0:15:08]} 27... g6 {[%clk 0:20:01]} 28.
Nf6 {[%clk 0:14:46]} 28... Bg7 {[%clk 0:19:24]} 29. Qh4 {[%clk 0:14:06]} 29...
Bxf6 {[%clk 0:18:57]} 30. Qxf6+ {[%clk 0:14:30]} 30... Kg8 {[%clk 0:19:26]} 31.
h4 {[%clk 0:13:22]} 31... Qd7 {[%clk 0:17:15]} 32. h5 {[%clk 0:12:46]} 32...
Qd8 {[%clk 0:17:25]} 33. Qf4 {[%clk 0:12:18]} 33... Qf8 {[%clk 0:12:57]} 34.
R1e3 {[%clk 0:11:14]} 34... Qg7 {[%clk 0:11:46]} 35. Rg3 {[%clk 0:07:19]} 35...
Rc4 {[%clk 0:08:39]} 36. hxg6 {[%clk 0:05:31]} 36... hxg6 {[%clk 0:08:07]} 37.
Rh5 {[%clk 0:04:43]} 37... gxh5 {[%clk 0:05:03]} 38. Rxg7+ {[%clk 0:05:04]}
38... Kxg7 {[%clk 0:05:28]} 39. Qg5+ {[%clk 0:05:14]} 39... Kf8 {[%clk 0:04:36]
} 40. Qxh5 {[%clk 0:05:23]} 40... Rac8 {[%clk 0:03:30]} 41. Qh6+ { [%clk
0:01:03]} 41... Ke8 {[%clk 0:27:25]} 42. Qh8+ {[%clk 0:30:15]} 42... Ke7 {[%clk
0:25:21]} 43. Qh4+ {[%clk 0:30:00]} 43... Ke8 {[%clk 0:24:27]} 1/2-1/2

[Event "DEM U16w 2017"]
[Site "Willingen GER"]
[Date "2017.06.06"]
[Round "4"]
[White "Mönster, Madita"]
[Black "Kolb, Verena"]
[Result "0-1"]
[Termination "normal"]
[Board "5"]
[WhiteElo "1762"]
[BlackElo "1673"]
[WhiteClock "00:07:19"]
[BlackClock "00:15:33"]
[PlyCount "102"]
[WhiteFideId "12947156"]
[BlackFideId "12992313"]
[EventCountry "GER"]
[EventRounds "9"]
[EventType "swiss"]
[EventDate "2017.06.03"]

1. e4 {[%clk 1:30:56]} 1... e6 {[%clk 1:30:59]} 2. d4 {[%clk 1:31:14]} 2... d5
{[%clk 1:31:26]} 3. Nc3 {[%clk 1:31:32]} 3... dxe4 {[%clk 1:31:47]} 4. Nxe4 {
[%clk 1:31:44]} 4... Bd7 {[%clk 1:32:16]} 5. c3 {[%clk 1:26:55]} 5... Bc6 {
[%clk 1:32:30]} 6. Ng3 {[%clk 1:25:20]} 6... Nd7 {[%clk 1:32:43]} 7. Nf3 {
[%clk 1:25:01]} 7... Bd6 {[%clk 1:32:41]} 8. Bd3 {[%clk 1:23:58]} 8... Ngf6 {
[%clk 1:33:00]} 9. O-O {[%clk 1:23:06]} 9... O-O {[%clk 1:33:24]} 10. Re1 {
[%clk 1:21:24]} 10... Re8 {[%clk 1:33:08]} 11. Ne5 {[%clk 1:18:14]} 11... Nd5 {
[%clk 1:25:23]} 12. Nxc6 {[%clk 0:40:27]} 12... bxc6 {[%clk 1:24:29]} 13. Ne4 {
[%clk 0:40:16]} 13... Bf4 {[%clk 1:09:01]} 14. Qf3 {[%clk 0:35:01]} 14... Bxc1
{[%clk 1:06:04]} 15. Raxc1 {[%clk 0:35:20]} 15... Qe7 {[%clk 1:02:46]} 16. c4 {
[%clk 0:34:05]} 16... Nb4 {[%clk 0:58:38]} 17. Bb1 {[%clk 0:33:25]} 17... c5 {
[%clk 0:56:05]} 18. dxc5 {[%clk 0:32:39]} 18... Nxc5 {[%clk 0:56:22]} 19. a3 {
[%clk 0:32:34]} 19... Nc6 {[%clk 0:41:29]} 20. Nxc5 {[%clk 0:29:21]} 20... Qxc5
{[%clk 0:41:52]} 21. Be4 {[%clk 0:29:03]} 21... Nd4 {[%clk 0:38:13]} 22. Qh3 {
[%clk 0:27:11]} 22... Rad8 {[%clk 0:27:01]} 23. Qxh7+ {[%clk 0:22:24]} 23...
Kf8 {[%clk 0:27:27]} 24. Qh8+ {[%clk 0:19:42]} 24... Ke7 {[%clk 0:27:53]} 25.
Qxg7 {[%clk 0:20:00]} 25... Qh5 {[%clk 0:27:22]} 26. Qh7 {[%clk 0:19:02]} 26...
Ne2+ {[%clk 0:26:01]} 27. Kf1 {[%clk 0:18:56]} 27... Qxh7 {[%clk 0:26:12]} 28.
Bxh7 {[%clk 0:19:20]} 28... Nxc1 {[%clk 0:26:38]} 29. Rxc1 {[%clk 0:19:40]}
29... Rh8 {[%clk 0:26:21]} 30. Be4 {[%clk 0:19:31]} 30... Rxh2 {[%clk 0:25:28]}
31. Ke2 {[%clk 0:19:14]} 31... Rh4 {[%clk 0:24:37]} 32. Ke3 {[%clk 0:17:02]}
32... Rb8 {[%clk 0:22:28]} 33. b4 {[%clk 0:16:20]} 33... Rd8 {[%clk 0:22:42]}
34. g3 {[%clk 0:15:40]} 34... Rhh8 {[%clk 0:20:20]} 35. c5 {[%clk 0:13:32]}
35... Rhg8 {[%clk 0:17:07]} 36. Bf3 {[%clk 0:11:40]} 36... Rg5 {[%clk 0:16:26]}
37. Be4 {[%clk 0:02:35]} 37... Re5 {[%clk 0:14:11]} 38. f4 {[%clk 0:01:23]}
38... Rh5 {[%clk 0:14:35]} 39. Bg2 {[%clk 0:01:16]} 39... Rh7 {[%clk 0:12:54]}
40. Bf3 {[%clk 0:00:42]} 40... Rh2 {[%clk 0:12:06]} 41. Be2 {[%clk 0:28:20]}
41... Rdh8 {[%clk 0:39:04]} 42. Rc3 {[%clk 0:20:09]} 42... Rg2 {[%clk 0:35:29]}
43. Kf3 {[%clk 0:18:51]} 43... Rhh2 {[%clk 0:34:44]} 44. Bb5 {[%clk 0:18:15]}
44... Rc2 {[%clk 0:28:18]} 45. Rb3 {[%clk 0:17:52]} 45... Ra2 {[%clk 0:24:04]}
46. Ke3 {[%clk 0:15:29]} 46... Rhg2 {[%clk 0:22:50]} 47. Kf3 {[%clk 0:13:52]}
47... Rgd2 {[%clk 0:21:42]} 48. Ke3 {[%clk 0:12:56]} 48... Rd1 {[%clk 0:20:44]}
49. Ke4 {[%clk 0:08:39]} 49... f5+ {[%clk 0:18:28]} 50. Ke5 {[%clk 0:07:51]}
50... Rad2 {[%clk 0:15:37]} 51. Bc4 {[%clk 0:07:19]} 51... Re1+ {[%clk 0:15:33]
} 0-1

[Event "DEM U16w 2017"]
[Site "Willingen GER"]
[Date "2017.06.06"]
[Round "4"]
[White "Kobald, Jacqueline"]
[Black "Flach, Helene"]
[Result "1-0"]
[Termination "normal"]
[Board "6"]
[WhiteElo "1693"]
[BlackElo "1870"]
[WhiteClock "00:11:08"]
[BlackClock "00:01:37"]
[PlyCount "57"]
[WhiteFideId "12988162"]
[BlackFideId "12929735"]
[EventCountry "GER"]
[EventRounds "9"]
[EventType "swiss"]
[EventDate "2017.06.03"]

1. e4 {[%clk 1:30:57]} 1... e5 {[%clk 1:30:52]} 2. Nf3 {[%clk 1:31:21]} 2...
Nc6 {[%clk 1:31:17]} 3. Bb5 {[%clk 1:31:48]} 3... a6 {[%clk 1:31:42]} 4. Ba4 {
[%clk 1:32:15]} 4... Nf6 {[%clk 1:32:06]} 5. O-O {[%clk 1:32:34]} 5... Be7 {
[%clk 1:30:01]} 6. Re1 {[%clk 1:32:44]} 6... b5 {[%clk 1:28:44]} 7. Bb3 { [%clk
1:33:11]} 7... d6 {[%clk 1:28:11]} 8. c3 {[%clk 1:33:20]} 8... O-O { [%clk
1:25:52]} 9. h3 {[%clk 1:28:45]} 9... Na5 {[%clk 1:24:31]} 10. Bc2 { [%clk
1:29:08]} 10... c5 {[%clk 1:24:31]} 11. d4 {[%clk 1:25:00]} 11... cxd4 { [%clk
1:21:52]} 12. cxd4 {[%clk 1:21:46]} 12... Qc7 {[%clk 1:21:22]} 13. Nbd2 { [%clk
1:10:28]} 13... Rd8 {[%clk 1:11:18]} 14. Nf1 {[%clk 1:08:44]} 14... Nc6 { [%clk
1:04:40]} 15. Be3 {[%clk 1:03:27]} 15... h6 {[%clk 0:57:04]} 16. Ng3 { [%clk
1:01:57]} 16... Bf8 {[%clk 0:55:47]} 17. a4 {[%clk 0:56:02]} 17... b4 { [%clk
0:43:52]} 18. Rc1 {[%clk 0:43:58]} 18... Qb8 {[%clk 0:37:43]} 19. Qd3 { [%clk
0:31:27]} 19... Re8 {[%clk 0:29:05]} 20. Nd2 {[%clk 0:21:56]} 20... Be7 { [%clk
0:18:00]} 21. Nc4 {[%clk 0:19:38]} 21... exd4 {[%clk 0:11:00]} 22. Bxd4 { [%clk
0:19:49]} 22... Ne5 {[%clk 0:09:32]} 23. Qe2 {[%clk 0:16:08]} 23... Nxc4 {[%clk
0:09:34]} 24. Qxc4 {[%clk 0:16:19]} 24... a5 {[%clk 0:08:30]} 25. Qd3 { [%clk
0:13:51]} 25... Ba6 {[%clk 0:08:21]} 26. Qf3 {[%clk 0:13:22]} 26... Nd7 { [%clk
0:06:43]} 27. Nf5 {[%clk 0:12:33]} 27... Bf8 {[%clk 0:03:27]} 28. Bb3 { [%clk
0:11:32]} 28... Nf6 {[%clk 0:01:37]} 29. Bxf6 {[%clk 0:11:08]} 1-0

[Event "DEM U16w 2017"]
[Site "Willingen GER"]
[Date "2017.06.06"]
[Round "4"]
[White "Mundt, Alexandra"]
[Black "Könze, Heike"]
[Result "0-1"]
[Termination "normal"]
[Board "7"]
[WhiteElo "1391"]
[BlackElo "1769"]
[WhiteClock "00:19:11"]
[BlackClock "00:59:00"]
[PlyCount "54"]
[WhiteFideId "16217276"]
[BlackFideId "12964476"]
[EventCountry "GER"]
[EventRounds "9"]
[EventType "swiss"]
[EventDate "2017.06.03"]

1. e4 {[%clk 1:30:59]} 1... c5 {[%clk 1:30:51]} 2. Nf3 {[%clk 1:31:24]} 2... d6
{[%clk 1:31:14]} 3. d4 {[%clk 1:31:51]} 3... cxd4 {[%clk 1:31:38]} 4. Nxd4 {
[%clk 1:31:59]} 4... Nf6 {[%clk 1:31:58]} 5. Nc3 {[%clk 1:32:01]} 5... a6 {
[%clk 1:32:22]} 6. g3 {[%clk 1:31:42]} 6... e5 {[%clk 1:31:47]} 7. Nb3 { [%clk
1:30:56]} 7... Be7 {[%clk 1:31:15]} 8. Bg2 {[%clk 1:31:03]} 8... Be6 { [%clk
1:30:38]} 9. h3 {[%clk 1:27:10]} 9... Bc4 {[%clk 1:27:58]} 10. Nd2 { [%clk
1:25:52]} 10... Be6 {[%clk 1:26:46]} 11. Nf3 {[%clk 1:22:56]} 11... Nbd7 {[%clk
1:21:38]} 12. Be3 {[%clk 1:18:53]} 12... b5 {[%clk 1:20:22]} 13. a3 { [%clk
1:19:05]} 13... Rc8 {[%clk 1:20:13]} 14. O-O {[%clk 1:11:46]} 14... O-O { [%clk
1:20:21]} 15. Nh2 {[%clk 1:10:28]} 15... Nb6 {[%clk 1:19:18]} 16. Bxb6 { [%clk
1:02:37]} 16... Qxb6 {[%clk 1:19:37]} 17. Qd2 {[%clk 0:54:14]} 17... Qc5 {[%clk
1:15:29]} 18. Rac1 {[%clk 0:52:40]} 18... Rfd8 {[%clk 1:10:15]} 19. Rfd1 {[%clk
0:50:14]} 19... h6 {[%clk 1:08:55]} 20. Kh1 {[%clk 0:47:47]} 20... Nh5 { [%clk
1:08:46]} 21. Qe2 {[%clk 0:45:10]} 21... g6 {[%clk 1:06:03]} 22. h4 { [%clk
0:37:27]} 22... Nf6 {[%clk 1:03:08]} 23. Qd2 {[%clk 0:30:09]} 23... Kg7 { [%clk
1:03:18]} 24. Bf3 {[%clk 0:21:54]} 24... a5 {[%clk 0:59:47]} 25. g4 { [%clk
0:20:39]} 25... Nh7 {[%clk 0:58:46]} 26. h5 {[%clk 0:19:05]} 26... Bg5 { [%clk
0:59:00]} 27. Qd3 {[%clk 0:19:11]} 27... Bc4 0-1

[Event "DEM U16w 2017"]
[Site "Willingen GER"]
[Date "2017.06.06"]
[Round "4"]
[White "Nguyen, Ha Thanh"]
[Black "Ehmann, Johanna"]
[Result "0-1"]
[Termination "normal"]
[Board "8"]
[WhiteElo "1775"]
[BlackElo "1777"]
[WhiteClock "00:02:48"]
[BlackClock "00:15:26"]
[PlyCount "76"]
[WhiteFideId "12942154"]
[BlackFideId "12953130"]
[EventCountry "GER"]
[EventRounds "9"]
[EventType "swiss"]
[EventDate "2017.06.03"]

1. e4 {[%clk 1:30:58]} 1... e5 {[%clk 1:30:54]} 2. Nf3 {[%clk 1:31:24]} 2...
Nc6 {[%clk 1:31:17]} 3. Bc4 {[%clk 1:31:48]} 3... Bc5 {[%clk 1:31:39]} 4. c3 {
[%clk 1:32:12]} 4... Nf6 {[%clk 1:31:55]} 5. d3 {[%clk 1:32:34]} 5... a6 {
[%clk 1:32:06]} 6. Bb3 {[%clk 1:32:49]} 6... Ba7 {[%clk 1:32:20]} 7. O-O {
[%clk 1:33:09]} 7... d6 {[%clk 1:31:20]} 8. Nbd2 {[%clk 1:32:51]} 8... O-O {
[%clk 1:31:33]} 9. h3 {[%clk 1:32:51]} 9... Be6 {[%clk 1:31:35]} 10. Re1 {
[%clk 1:31:49]} 10... Qd7 {[%clk 1:31:44]} 11. Bc2 {[%clk 1:30:55]} 11... Ne7 {
[%clk 1:30:43]} 12. Nf1 {[%clk 1:28:18]} 12... Ng6 {[%clk 1:30:11]} 13. d4 {
[%clk 1:14:56]} 13... Qc8 {[%clk 1:26:44]} 14. b3 {[%clk 1:08:55]} 14... Kh8 {
[%clk 1:22:56]} 15. Ba3 {[%clk 1:04:15]} 15... Re8 {[%clk 1:19:58]} 16. d5 {
[%clk 1:03:06]} 16... Bd7 {[%clk 1:18:44]} 17. N3h2 {[%clk 0:55:20]} 17... Nf4
{[%clk 1:15:23]} 18. Ne3 {[%clk 0:53:38]} 18... Ng8 {[%clk 1:01:02]} 19. Qf3 {
[%clk 0:47:15]} 19... Ne7 {[%clk 0:58:04]} 20. Kh1 20... Rf8 {[%clk 0:54:25]}
21. g4 {[%clk 0:29:27]} 21... Neg6 {[%clk 0:51:05]} 22. Nf5 {[%clk 0:23:00]}
22... Qd8 {[%clk 0:47:01]} 23. Qg3 {[%clk 0:20:06]} 23... Bc8 {[%clk 0:41:11]}
24. Bb2 {[%clk 0:18:10]} 24... f6 {[%clk 0:35:21]} 25. Rad1 {[%clk 0:12:10]}
25... Ne7 {[%clk 0:29:19]} 26. Nf1 {[%clk 0:08:36]} 26... g6 {[%clk 0:26:33]}
27. Nxe7 {[%clk 0:07:52]} 27... Qxe7 {[%clk 0:26:54]} 28. Bc1 {[%clk 0:07:20]}
28... g5 {[%clk 0:23:59]} 29. Ne3 {[%clk 0:06:51]} 29... Qf7 {[%clk 0:22:08]}
30. Kh2 {[%clk 0:05:48]} 30... h5 {[%clk 0:20:21]} 31. Ng2 {[%clk 0:04:12]}
31... hxg4 {[%clk 0:17:46]} 32. Nxf4 {[%clk 0:03:53]} 32... exf4 { [%clk
0:17:36]} 33. Qd3 {[%clk 0:02:42]} 33... Bxf2 {[%clk 0:16:57]} 34. Rf1 { [%clk
0:02:24]} 34... g3+ {[%clk 0:16:27]} 35. Kg2 {[%clk 0:02:40]} 35... Bxh3+
{[%clk 0:14:30]} 36. Kxh3 {[%clk 0:02:17]} 36... Qh5+ {[%clk 0:14:48]} 37. Kg2
{[%clk 0:02:22]} 37... f3+ {[%clk 0:15:04]} 38. Qxf3 {[%clk 0:02:48]} 38...
Qh2# {[%clk 0:15:26]} 0-1

[Event "DEM U16w 2017"]
[Site "Willingen GER"]
[Date "2017.06.06"]
[Round "4"]
[White "Walow, Xenia"]
[Black "Reitz, Theresa"]
[Result "1-0"]
[Termination "normal"]
[Board "9"]
[WhiteElo "1704"]
[BlackElo "1705"]
[WhiteClock "00:20:56"]
[BlackClock "00:35:47"]
[PlyCount "59"]
[WhiteFideId "12971839"]
[BlackFideId "12971901"]
[EventCountry "GER"]
[EventRounds "9"]
[EventType "swiss"]
[EventDate "2017.06.03"]

1. e4 {[%clk 1:30:56]} 1... c5 {[%clk 1:30:49]} 2. Nf3 {[%clk 1:31:20]} 2... e6
{[%clk 1:31:07]} 3. d4 {[%clk 1:31:38]} 3... cxd4 {[%clk 1:31:26]} 4. Nxd4 {
[%clk 1:32:01]} 4... a6 {[%clk 1:31:39]} 5. Bd3 {[%clk 1:32:04]} 5... Nf6 {
[%clk 1:31:37]} 6. O-O {[%clk 1:31:33]} 6... Qc7 {[%clk 1:31:00]} 7. Kh1 {
[%clk 1:30:27]} 7... b5 {[%clk 1:23:36]} 8. Qe2 {[%clk 1:28:10]} 8... d6 {
[%clk 1:23:26]} 9. f4 {[%clk 1:27:26]} 9... Nbd7 {[%clk 1:23:02]} 10. Bd2 {
[%clk 1:26:38]} 10... Bb7 {[%clk 1:21:46]} 11. a3 {[%clk 1:24:42]} 11... Be7 {
[%clk 1:19:10]} 12. Nc3 {[%clk 1:23:27]} 12... O-O {[%clk 1:18:19]} 13. Rae1 {
[%clk 1:19:18]} 13... Nc5 {[%clk 1:12:40]} 14. e5 {[%clk 1:11:44]} 14... dxe5 {
[%clk 1:11:09]} 15. fxe5 {[%clk 1:10:12]} 15... Nd5 {[%clk 1:08:09]} 16. Bxh7+
{[%clk 0:53:39]} 16... Kxh7 {[%clk 0:59:50]} 17. Qh5+ {[%clk 0:53:25]} 17...
Kg8 {[%clk 1:00:12]} 18. Rf3 {[%clk 0:53:29]} 18... Nf6 {[%clk 0:51:23]} 19.
Rxf6 {[%clk 0:50:19]} 19... Bxf6 {[%clk 0:49:20]} 20. exf6 {[%clk 0:50:30]}
20... Rfd8 {[%clk 0:47:38]} 21. fxg7 21... f6 {[%clk 0:47:39]} 22. Qh8+ { [%clk
0:41:38]} 22... Kf7 {[%clk 0:48:00]} 23. Qh7 {[%clk 0:40:12]} 23... Rg8 { [%clk
0:46:25]} 24. Qh5+ {[%clk 0:39:54]} 24... Ke7 {[%clk 0:46:18]} 25. Nd5+ { [%clk
0:29:13]} 25... Bxd5 {[%clk 0:46:40]} 26. Qxd5 {[%clk 0:29:36]} 26... Rgd8
{[%clk 0:37:41]} 27. Nc6+ {[%clk 0:26:53]} 27... Kf7 {[%clk 0:36:20]} 28. Qh5+
{[%clk 0:24:16]} 28... Kg8 {[%clk 0:35:28]} 29. Nxd8 {[%clk 0:21:30]} 29...
Rxd8 {[%clk 0:35:47]} 30. Bb4 {[%clk 0:20:56]} 1-0

[Event "DEM U16w 2017"]
[Site "Willingen GER"]
[Date "2017.06.06"]
[Round "4"]
[White "Cejda, Cecilia"]
[Black "Lücke, Kristina"]
[Result "1-0"]
[Termination "normal"]
[Board "10"]
[WhiteElo "1755"]
[BlackElo "1445"]
[WhiteClock "00:29:46"]
[BlackClock "00:22:46"]
[PlyCount "87"]
[WhiteFideId "12921122"]
[BlackFideId "16201248"]
[EventCountry "GER"]
[EventRounds "9"]
[EventType "swiss"]
[EventDate "2017.06.03"]

1. e4 {[%clk 1:30:58]} 1... c5 {[%clk 1:30:54]} 2. Nf3 {[%clk 1:31:24]} 2...
Nc6 {[%clk 1:31:20]} 3. d4 {[%clk 1:31:41]} 3... cxd4 {[%clk 1:31:42]} 4. Nxd4
{[%clk 1:32:05]} 4... g6 {[%clk 1:32:05]} 5. Nc3 {[%clk 1:32:16]} 5... Bg7 {
[%clk 1:32:20]} 6. Be3 {[%clk 1:32:31]} 6... Nf6 {[%clk 1:31:18]} 7. Bc4 {
[%clk 1:30:42]} 7... O-O {[%clk 1:31:01]} 8. f3 {[%clk 1:30:35]} 8... Qb6 {
[%clk 1:21:00]} 9. Bb3 {[%clk 0:56:02]} 9... Qa5 {[%clk 1:00:49]} 10. Qd2 {
[%clk 0:52:58]} 10... Nxd4 {[%clk 0:56:32]} 11. Bxd4 {[%clk 0:51:54]} 11... d6
{[%clk 0:53:50]} 12. O-O-O {[%clk 0:44:23]} 12... Be6 {[%clk 0:47:06]} 13. Kb1
{[%clk 0:40:13]} 13... Bxb3 {[%clk 0:43:27]} 14. cxb3 {[%clk 0:37:40]} 14...
Rfc8 {[%clk 0:42:17]} 15. g4 {[%clk 0:35:25]} 15... b5 {[%clk 0:36:35]} 16. h4
{[%clk 0:30:04]} 16... Qa6 {[%clk 0:23:49]} 17. h5 {[%clk 0:26:48]} 17... Qc6 {
[%clk 0:21:25]} 18. hxg6 {[%clk 0:23:43]} 18... fxg6 {[%clk 0:21:35]} 19. Rc1 {
[%clk 0:13:53]} 19... Qb7 {[%clk 0:17:00]} 20. Qh2 {[%clk 0:11:26]} 20... e5 {
[%clk 0:12:31]} 21. Be3 {[%clk 0:11:18]} 21... b4 {[%clk 0:08:37]} 22. g5 {
[%clk 0:06:09]} 22... bxc3 {[%clk 0:06:29]} 23. gxf6 {[%clk 0:06:15]} 23...
Bxf6 {[%clk 0:06:38]} 24. bxc3 {[%clk 0:06:00]} 24... a5 {[%clk 0:05:02]} 25.
Qd2 {[%clk 0:05:05]} 25... Rd8 {[%clk 0:04:17]} 26. Rcd1 {[%clk 0:03:38]} 26...
Ra6 {[%clk 0:03:59]} 27. Rh2 {[%clk 0:03:31]} 27... Rd7 {[%clk 0:03:41]} 28.
Qd3 {[%clk 0:03:06]} 28... Rc6 {[%clk 0:03:20]} 29. Qd5+ {[%clk 0:02:31]} 29...
Kh8 {[%clk 0:02:33]} 30. Qxa5 {[%clk 0:02:04]} 30... Ra6 {[%clk 0:01:42]} 31.
Qd5 {[%clk 0:02:18]} 31... Qxd5 {[%clk 0:01:31]} 32. Rxd5 {[%clk 0:02:37]}
32... Rc6 {[%clk 0:01:20]} 33. Kb2 {[%clk 0:02:42]} 33... Bd8 {[%clk 0:01:15]}
34. a4 {[%clk 0:02:44]} 34... Rb7 {[%clk 0:00:41]} 35. b4 {[%clk 0:02:28]}
35... Bb6 {[%clk 0:00:32]} 36. Rb5 {[%clk 0:01:17]} 36... Bxe3 {[%clk 0:00:34]}
37. Rxb7 {[%clk 0:01:37]} 37... h6 {[%clk 0:00:35]} 38. b5 {[%clk 0:01:28]}
38... Rc8 {[%clk 0:00:33]} 39. Rd7 {[%clk 0:01:37]} 39... Bf4 {[%clk 0:00:33]}
40. Rh3 {[%clk 0:01:46]} 40... h5 {[%clk 0:00:33]} 41. Rxd6 {[%clk 0:02:02]}
41... Kg7 {[%clk 0:29:07]} 42. b6 {[%clk 0:32:24]} 42... Be3 {[%clk 0:25:29]}
43. a5 {[%clk 0:30:36]} 43... Rb8 {[%clk 0:22:46]} 44. Re6 {[%clk 0:29:46]} 1-0

[Event "DEM U16w 2017"]
[Site "Willingen GER"]
[Date "2017.06.06"]
[Round "4"]
[White "Fricke, Edna Marlene"]
[Black "Weimert, Miriam"]
[Result "0-1"]
[Termination "normal"]
[Board "11"]
[WhiteElo "1356"]
[BlackElo "1841"]
[WhiteClock "00:07:47"]
[BlackClock "00:29:18"]
[PlyCount "44"]
[WhiteFideId "12988839"]
[BlackFideId "12966703"]
[EventCountry "GER"]
[EventRounds "9"]
[EventType "swiss"]
[EventDate "2017.06.03"]

1. e4 {[%clk 1:30:57]} 1... c5 {[%clk 1:30:54]} 2. Nc3 {[%clk 1:31:03]} 2... e6
{[%clk 1:30:56]} 3. d3 {[%clk 1:30:34]} 3... d5 {[%clk 1:30:37]} 4. exd5 {
[%clk 1:19:38]} 4... exd5 {[%clk 1:30:56]} 5. g3 {[%clk 1:18:49]} 5... Be6 {
[%clk 1:29:44]} 6. Bg2 {[%clk 1:18:33]} 6... Nf6 {[%clk 1:29:32]} 7. Nge2 {
[%clk 1:09:59]} 7... Be7 {[%clk 1:27:20]} 8. O-O {[%clk 1:05:29]} 8... O-O {
[%clk 1:26:26]} 9. Nf4 {[%clk 1:05:28]} 9... Nc6 {[%clk 1:26:04]} 10. Re1 {
[%clk 1:03:03]} 10... Nd4 {[%clk 1:17:14]} 11. Nce2 {[%clk 0:57:22]} 11... Bg4
{[%clk 1:15:56]} 12. Kh1 {[%clk 0:46:03]} 12... g5 {[%clk 1:10:28]} 13. c3 {
[%clk 0:35:17]} 13... gxf4 {[%clk 1:06:27]} 14. cxd4 {[%clk 0:34:43]} 14... f3
{[%clk 1:06:42]} 15. Qd2 {[%clk 0:33:37]} 15... fxg2+ {[%clk 1:05:41]} 16. Kxg2
{[%clk 0:33:55]} 16... Qd7 {[%clk 0:44:54]} 17. Qg5+ {[%clk 0:26:08]} 17... Kh8
{[%clk 0:45:17]} 18. Nf4 {[%clk 0:25:33]} 18... Rae8 {[%clk 0:39:26]} 19. Bd2 {
[%clk 0:19:41]} 19... Bf5 {[%clk 0:31:35]} 20. dxc5 {[%clk 0:15:26]} 20... Rg8
{[%clk 0:30:21]} 21. Qh6 {[%clk 0:12:08]} 21... Ng4 {[%clk 0:29:18]} 22. Rxe7 {
[%clk 0:07:47]} 22... Ra8 0-1